Tous les chats de Animal Crossing - Statistiques

Statistiques générales
  • Ce quiz a été pris 255 fois
  • Le résultat moyen est 9 sur 23
Statistiques - réponses
Chat % Correct
Raymond
67%
Rosie
66%
Neferti
56%
Kat
48%
Linette
48%
Kiki
45%
Robert
44%
Cedric
43%
Olivia
40%
Suzy
40%
Kabuki
37%
Marine
37%
Kitty
36%
Mistigri
36%
Tom
36%
Calin
35%
Maud
34%
Momo
34%
Tupux
33%
Monique
29%
Perle
29%
Rougepif
29%
Tigri
26%
Aucun quiz correspondant
Distribution des résultats
% des personnes avec chaque résultat
Percentile par nombre de réponses
Votre historique - résultats
Vous n’avez pas pris ce quiz